000 00984nas a2200325 4500
001 BR0000851
003 BR-BrBNA
005 20231205101745.0
007 ta
008 230509b bl.|||p| |||| 00| 00por d
040 _aBR-BrBNA
_bpor
_cBiblioteca Nacional de Agricultura
041 _a(Pt)
072 _aL53; L40
100 1 _aFonseca, J.F.
100 1 _aSilva Filho, J.M.
100 1 _aPinto Neto, A.
100 1 _aPalhares, M.S.
100 1 _aAlvin, M.T.T.
100 1 _aBelissario, H.
100 1 _aPardini, W.S.
245 1 _aEfeito da administracao de diferentes hormonios sobre a formacao de corpo luteo acessorio em novilhas
650 _aNovilho
650 _aHormonio Animal
650 _aCorpo Luteo
650 _aCiclo Estral
650 _aOvulacao
773 0 _tRevista Brasileira de Reproducao Animal (Brazil)
_xISSN 0102-0803
_g(Jul-Sep 1999), v. 23(3) p. 330-332
_wBR0000851
909 _a202311
_bLúcia
_c55
_dLúcia Elande
942 _2AGRIS
_n0
_cANA
999 _c163698
_d163698